00313nam a2200121Ia 4500020001800000082001800018245004400036260002800080300001500108504001900123650002800142700002100170 a0-415-26707-2 aRR 200.3 ENC- 0aEncyclopedia of new religious movements aLondonbRoutledgec2006 axxxii, 686 aincludes index aReligionvEncyclopedias aClarke, Peter B.